Lectures on population and development / (Record no. 343783)

000 -LEADER
fixed length control field 00616 a2200169 4500
020 ## - INTERNATIONAL STANDARD BOOK NUMBER
International Standard Book Number 9694610028
020 ## - INTERNATIONAL STANDARD BOOK NUMBER
International Standard Book Number 9789694610023
090 ## - LOCALLY ASSIGNED LC-TYPE CALL NUMBER (OCLC); LOCAL CALL NUMBER (RLIN)
-- 1258
-- 1258
100 1# - MAIN ENTRY--PERSONAL NAME
Personal name Coale, Ansley J.
245 10 - TITLE STATEMENT
Title Lectures on population and development /
Statement of responsibility, etc. Ansley J Coale.
260 ## - PUBLICATION, DISTRIBUTION, ETC.
Place of publication, distribution, etc. [S.l.] :
Name of publisher, distributor, etc. Pakistan Institute of Development Economics,
Date of publication, distribution, etc. 1990.
300 ## - PHYSICAL DESCRIPTION
Extent 123 p.
500 ## - GENERAL NOTE
General note Unknown Binding.
856 40 - ELECTRONIC LOCATION AND ACCESS
Materials specified Amazon.com
Uniform Resource Identifier <a href="http://www.amazon.com/exec/obidos/ASIN/9694610028/chopaconline-20">http://www.amazon.com/exec/obidos/ASIN/9694610028/chopaconline-20</a>
856 40 - ELECTRONIC LOCATION AND ACCESS
Materials specified Amazon customer reviews
Uniform Resource Identifier <a href="http://www.chopac.org/cgi-bin/tools/azrev.pl?q=9694610028">http://www.chopac.org/cgi-bin/tools/azrev.pl?q=9694610028</a>
942 ## - ADDED ENTRY ELEMENTS (KOHA)
Institution code [OBSOLETE] NBS
Koha item type Book
Call number prefix 363.9095491 COA
Holdings
Withdrawn status Lost status Damaged status Not for loan Permanent Location Current Location Date acquired Total Checkouts Full call number Barcode Date last seen Date last checked out Price effective from Koha item type
        Central Library (CL) Central Library (CL) 08/28/2013 1 363.9095491 COA NBS2008 11/23/2017 08/22/2017 08/28/2013 Book
© 2023 Central Library, National University of Sciences and Technology. All Rights Reserved.